000 00857nas a2200277 4500
001 BR2015003717
003 BR-BrBNA
005 20231205125446.0
007 ta
008 230509b bl.|||p| |||| 00| 00por d
040 _aBR-BrBNA
_bpor
_cBiblioteca Nacional de Agricultura
041 _a(En)
072 _aF30
100 1 _aBarbosa, C.D.
100 1 _aViana, A.P.
100 1 _aQuintal, S.S.R.
100 1 _aPereira, M.G.
245 1 _aArtificial neural network analysis of genetic diversity in Carica papaya L.
650 _aMELHORAMENTO GENÉTICO VEGETAL
650 _aMETODO ESTATÍSTICO
650 _aCARICA PAPAYA
650 _aMAMÃO
773 0 _tCrop Breeding and Applied Biotechnology (Brazil)
_xISSN 1518-7853
_g(Sept 2011), v. 11(3) p. 224-231
_wBR2015003717
909 _a202311
_bLúcia
_c55
_dLúcia Elande
942 _2AGRIS
_n0
_cANA
999 _c244474
_d244474